书目信息 |
| 题名: |
生态工程原理与应用
|
|
| 作者: | 由文辉 编著 | |
| 分册: | ||
| 出版信息: | 上海 华东师范大学出版社 1998 |
|
| 页数: | 212页 | |
| 开本: | 20cm | |
| 丛书名: | ||
| 单 册: | ||
| 中图分类: | X171.4 | |
| 科图分类: | ||
| 主题词: | 环境生物学 | |
| 电子资源: | ||
| ISBN: | 7-5617-1696-6 | |
| 000 | 00623nam0 2200205 450 | |
| 001 | 0736868285 | |
| 005 | 20070608150526.79 | |
| 010 | @a7-5617-1696-6@dCNY10.00 | |
| 100 | @a20070607d1998 km y0chiy0120 ea | |
| 101 | 0 | @achi |
| 102 | @aCN@b310000 | |
| 200 | 1 | @a生态工程原理与应用@Asheng tai gong cheng yuan li yu ying yong@f由文辉编著@Fyou wen hui bian zhu |
| 210 | @a上海@c华东师范大学出版社@d1998 | |
| 215 | @a212页@d20cm | |
| 300 | @a华东师范大学中青年学术著作出版基金会 | |
| 606 | 0 | @a环境生物学 |
| 690 | @aX171.4@v3 | |
| 701 | 0 | @a由文辉@Ayou wen hui@4编著 |
| 801 | 0 | @aCN@bPFT@c20070608 |
| 905 | @a10447@dX171.4@e118 | |
| 生态工程原理与应用/由文辉编著.-上海:华东师范大学出版社,1998 |
| 212页;20cm |
| 华东师范大学中青年学术著作出版基金会 |
| ISBN 7-5617-1696-6:CNY10.00 |
| ● |
| 相关链接 |
|
|
|
|
正题名:生态工程原理与应用
索取号:X171.4/118
 
预约/预借
| 序号 | 登录号 | 条形码 | 馆藏地/架位号 | 状态 | 备注 |
| 1 | 0517364 | 205173649 | 第二样本阅览室/ [索取号:X171.4/118] | 在馆 |